[Event "RUS-ch"]
[Site "Elista"]
[Date "1995.??.??"]
[Round "1"]
[White "Ivanov, Sergey"]
[Black "Daniliuk, Sergey"]
[Result "1/2-1/2"]
[WhiteElo "2545"]
[BlackElo "2390"]
[Annotator "Ftacnik,L"]
[PlyCount "112"]
[EventDate "1995.10.??"]
[EventType "swiss"]
[EventRounds "11"]
[EventCountry "RUS"]
[SourceTitle "CBM 050"]
[Source "ChessBase"]
[SourceDate "1996.02.01"]
[SourceVersion "1"]
[SourceVersionDate "1996.02.01"]
[SourceQuality "1"]

1. d4 Nf6 2. c4 g6 3. Nc3 d5 4. cxd5 Nxd5 5. e4 Nxc3 6. bxc3 Bg7 7. Nf3 c5 8.
Rb1 O-O 9. Be2 cxd4 10. cxd4 Qa5+ 11. Bd2 Qxa2 12. O-O Nd7 13. Bb4 Nb6 14. Ne5
f6 15. Nc4 Nxc4 16. Ra1 Nb2 17. Rxa2 Nxd1 18. Bc4+ Kh8 19. Rxd1 Rd8 $5 $146 {
Bit conservative approach to the interesting position. Black decides to
eliminate many pawns in order to easy the pressure on his position.} (19... Bd7
20. Bxe7 Rfe8 21. Bc5 b6 22. Bd6 a5 23. Bd5 (23. Rb2 Rac8 24. Ba6 Rc6 25. e5
fxe5 26. dxe5 Rxd6 $1 27. Rxd6 Bxe5 28. Rxd7 Bxb2 29. g3 a4 30. Rb7 a3 31. Bc4
Rc8 32. Be6 Rc6 33. Bb3 Bd4 34. g4 h6 35. h4 Rc3 36. Be6 Rc2 37. Rf7 Bc5 {
0-1 Vidoniak,R-Karasev,V/URS Army-chT Simferopol ;EXT 90ch 1990}) 23... Ra6 24.
f4 b5 25. e5 a4 26. Rc1 fxe5 27. dxe5 {1/2-1/2 Chibukhchian,A-Daniliuk,S/Mlada
Boleslav op (05) ;EXT 94op 1994}) 20. Bxe7 Re8 21. Bc5 Rxe4 22. Rxa7 Rxa7 23.
Bxa7 Bf8 $1 {Correctly switching the bishop to d6, from which he can stop the
dangerous dP and cooperate with the R.} 24. g3 (24. f3 Re7 25. Bc5 Rc7 26. Bxf8
Rxc4 $10) 24... Bd6 25. Kg2 (25. Bd5 Re7 26. Rc1 Bh3 $10) 25... Kg7 26. Bd5 Re7
27. Bb6 Be6 28. Bf3 (28. Bxe6 Rxe6 29. Rb1 Re7 $10) 28... h5 29. Rb1 Bg4 30.
Bd5 (30. Bxg4 hxg4 $10) 30... Rd7 31. Be4 f5 32. Bd5 f4 (32... Bxg3 $2 33. hxg3
Rxd5 34. f3 $18) 33. f3 Bf5 34. Be4 Re7 35. Re1 (35. Bxf5 gxf5 36. Rb5 fxg3 37.
hxg3 Kg6 $10) 35... Re8 36. d5 fxg3 37. hxg3 Kf7 38. Re2 g5 (38... Bxe4 $6 39.
fxe4 $14) 39. Kf2 Bd7 40. Rc2 Rc8 (40... h4 $5 41. gxh4 gxh4 42. Bc7 $10) 41.
Ra2 Rc3 42. Ra8 Rb3 43. Bd4 Rb4 44. Bc3 Rb3 45. Bd4 Rb4 46. Be3 (46. Bc3 $10)
46... Rb2+ 47. Kg1 Bxg3 48. Rh8 $1 (48. Bxg5 Bh3 $40) 48... Bh3 49. Rh7+ Kg8
50. Bd4 $1 Rg2+ 51. Kh1 Rh2+ 52. Kg1 Rd2 53. Rh8+ Kf7 54. Rh7+ Kg8 (54... Kf8
55. Rh8+ Ke7 56. Rh7+ Kd6 57. Rh6+ Kc7 58. Rh7+ Kc8 59. Rh8+ Kc7 60. Rh7+ Bd7
61. Bc3 Rd1+ 62. Kg2 h4 63. Ba5+ b6 64. Bxb6+ Kxb6 65. Rxd7 $10) 55. Rh8+ Kf7
56. Rh7+ Kg8 1/2-1/2

[Event "RUS-ch"]
[Site "Elista"]
[Date "1995.??.??"]
[Round "9"]
[White "Shcherbakov, Ruslan"]
[Black "Daniliuk, Sergey"]
[Result "1-0"]
[WhiteElo "2520"]
[BlackElo "2390"]
[Annotator "Ftacnik,L"]
[PlyCount "98"]
[EventDate "1995.10.??"]
[EventType "swiss"]
[EventRounds "11"]
[EventCountry "RUS"]
[SourceTitle "CBM 050"]
[Source "ChessBase"]
[SourceDate "1996.02.01"]
[SourceVersion "1"]
[SourceVersionDate "1996.02.01"]
[SourceQuality "1"]

1. d4 Nf6 2. c4 g6 3. Nc3 d5 4. cxd5 Nxd5 5. e4 Nxc3 6. bxc3 Bg7 7. Nf3 c5 8.
Rb1 O-O 9. Be2 cxd4 10. cxd4 Qa5+ 11. Bd2 Qxa2 12. O-O Nd7 13. Bb4 Nb6 14. Ra1
Qe6 15. Qb1 (15. Bd3 Qd7 16. Ra5 Qd8 17. h3 Nd7 18. Qa1 Nb8 19. Bc3 Nc6 20. Ra3
e6 21. Bc4 $36 {Berg Hansen,S-Vanheste,J/Lyngby op/1989/}) (15. Bc5 Nd7 16. Ba3
Qxe4 17. Re1 Qd5 18. Bxe7 Re8 19. Bd3 Nb6 20. Bc5 Bd7 21. Rxe8+ Bxe8 22. Rxa7
Rxa7 {1/2-1/2/Nogueiras,J-Lhagvasuren,C/Novi Sad olm (03) /1990/}) 15... Bd7 (
15... f5 16. e5 (16. Ra5 fxe4 17. Ng5 Qf6 18. Nxe4 Qf7 19. Ng5 Qf6 20. Re5 Re8
21. Bxe7 Rxe7 22. Qb3+ Be6 23. Nxe6 Qf7 24. Re3 Rae8 25. d5 Qf5 {Horvath,
J-Deak,S/HUN-chT 9192/1992/1/2-1/2 (53)}) 16... Bh6 17. d5 Nxd5 18. Bc4 Rd8 (
18... b5 19. Nd4 bxc4 20. Nxe6 Bxe6 21. Ra6 Kf7 22. Ba3 Rfb8 23. Qc2 Rc8 24.
Rd1 c3 25. g3 Rc7 26. Rd3 Bd2 27. Rxe6 Kxe6 28. Qb3 {Cebalo,M-Kozul,Z/SLO-chT ;
EXT 94ch 1994/1-0 (40)}) 19. Rd1 Qc6 20. Qb3 e6 21. Bd6 b5 22. Bxb5 Qb7 23. Qc4
Bd7 24. Ba6 Qc6 25. Qh4 {Cebalo,M-Sale,S/Bled op (09) ;EXP 46 1995/1-0 (42)}) (
15... Qd7 16. Bc5 $1) 16. Ra5 Bc6 (16... Nc8 17. d5 $1 Qb6 18. e5 Bf5 $6 (18...
a6 $142 {/\ Nc8-a7-b5}) 19. Qb3 a6 20. Qa3 Bg4 (20... Re8 21. Rc5 $1 {/\ Ba5})
21. Re1 Re8 22. Rc5 (22. h3 $6 Bxf3 23. Bxf3 Na7 $132) 22... Qd8 $6 (22... Bxf3
$142 23. Bxf3 Na7 24. Ba5 Nb5 25. Bxb6 Nxa3) 23. h3 {1-0 Gelfand,B-Kozul,Z/
Biel izt (04) ;CBM 37 1993 (41)}) 17. Bd3 Qd7 18. d5 Ba4 19. Bc5 (19. Qa2 Rfd8
$1 20. Bc5 Bc3 $1 (20... e6 21. Bxb6 axb6 22. dxe6 $1 Qxd3 23. exf7+ Kh8 24.
Rxa4) 21. Rxa7 Rxa7 22. Bxb6 Raa8 23. Bxd8 Rxd8 {0.5/Komarov-Marinkovic,Sl/JUG/
1995/}) (19. Rc1 Rfd8 20. Bc5 e6 21. Rxa7 Rxa7 22. Bxb6 Raa8 23. Bxd8 Rxd8 24.
Bc4 exd5 25. Bxd5 Bc6 $10) 19... Rfc8 (19... Bc3 20. Bb5 $1 Bxb5 21. Rxb5 Rfc8
22. Bxb6 axb6 23. Rxb6 $16) (19... Nc8 20. Bd4 (20. Qa2 b6 21. Rxa4 bxc5 22.
Ra5 $5 (22. Rb1 Qc7 $1 $13 (22... Nd6 $2 23. e5 Nf5 24. Bb5 Qc7 25. Bc6 Rab8
26. Re1 $16)) 22... Qd6 23. Rc1 Nb6 24. Raxc5 Rfc8 25. Rc6 Rxc6 26. Rxc6 $14)
20... Bxd4 21. Nxd4 b6 22. Ra6 $44) 20. Qb4 {The last word of the chess theory,
black has to be very careful not to pay too high a prize for his
discoordinated pieces.} e6 21. Bd4 exd5 22. Bxg7 Kxg7 23. Qd4+ f6 24. e5 Qe7
25. Re1 Be8 26. h4 Bf7 27. h5 {White is doing his best to prove compensation
for two P, but black could have made his task much more difficult.} gxh5 $2 (
27... Nd7 $5 28. hxg6 (28. h6+ Kg8 $17) 28... hxg6 29. e6 (29. Bxg6 Bxg6 30.
exf6+ Qxf6 31. Re7+ Bf7 32. Rxd7 Rc1+ $15) (29. Rxa7 Nxe5 30. Nxe5 Rxa7 31.
Qxa7 fxe5 32. Qa1 Kf6 33. f4 $13) 29... Bxe6 30. Ng5 Rc6 31. Rxd5 Nf8 $17) 28.
Nh4 Kh8 (28... Be6 29. exf6+ Qxf6 30. Rxe6 $1 Rc1+ 31. Kh2 Qxd4 32. Nf5+ $16)
29. Nf5 Qe6 30. Nd6 Rc7 31. Raa1 (31. Bf5 Qe7 32. Nxf7+ Qxf7 33. exf6 Rf8) (31.
Qxb6 $5 axb6 32. Rxa8+ Bg8 33. Bf5 Qe7 34. Re8 fxe5 35. Rxe7 Rxe7 $14) 31...
fxe5 (31... Qg4 $5 32. Qxg4 (32. Qxb6 $4 Rg8 $1 $19) 32... hxg4 33. exf6 $13)
32. Rxe5 Qf6 (32... Qxd6 $4 33. Re8#) 33. Re8+ Kg7 $8 34. Nf5+ Kg6 35. Nh4+ Kg7
36. Nf5+ Kg6 37. Rxa8 Nxa8 38. Nh4+ Kg7 (38... Kg5 $2 39. Nf3+ $18) 39. Nf5+
Kg6 40. Qxa7 {Nimzowitch have left us many ideas but one of them stands out
quite clearly: The threat is stronger than its fullfilment. I have seldom seen
better example proving it right!} Rc3 (40... Nb6 41. Rb1 Nc4 42. Qb8 $1 $40)
41. Rd1 Nc7 (41... Rxd3 42. Rxd3 Qxf5 43. Rg3+ Kf6 44. Rf3 $18) 42. Qa5 b6 (
42... Rxd3 43. Rxd3 Qe5 44. Re3 $16) 43. Qb4 Rxd3 44. Rxd3 Qa1+ (44... Qxf5 45.
Rg3+ Kf6 (45... Kh6 46. Qf8#) 46. Rf3 $18) 45. Kh2 Qe5+ (45... Kxf5 46. Rf3+
Kg6 47. Rg3+ Kf5 48. Qe7 $18) 46. f4 Qxf5 47. Rg3+ Kf6 (47... Kh6 $2 48. Qf8#)
48. Qc3+ d4 49. Qxc7 Qd5 (49... Qd5 50. Rg5 $18) 1-0

[Event "Kurgan"]
[Site "Kurgan"]
[Date "1995.??.??"]
[Round "3"]
[White "Shcherbakov, Ruslan"]
[Black "Vorontsov, Nikolay"]
[Result "1-0"]
[WhiteElo "2520"]
[BlackElo "2360"]
[Annotator "Ftacnik,L"]
[PlyCount "81"]
[EventDate "1995.??.??"]
[EventType "tourn"]
[EventRounds "11"]
[EventCountry "RUS"]
[EventCategory "9"]
[SourceTitle "CBM 049 Extra"]
[Source "ChessBase"]
[SourceDate "1996.01.01"]
[SourceVersion "1"]
[SourceVersionDate "1996.01.01"]
[SourceQuality "1"]

1. d4 {Belov} Nf6 2. c4 g6 3. Nc3 d5 4. cxd5 Nxd5 5. e4 Nxc3 6. bxc3 Bg7 7. Nf3
c5 8. Rb1 O-O 9. Be2 cxd4 10. cxd4 Qa5+ 11. Bd2 Qxa2 12. O-O Bg4 13. Bg5 h6 14.
Be3 Nc6 15. d5 Na5 16. Bc5 (16. Rb4 $1 b6 (16... Bxf3 17. Bxf3 Nc4 18. Bd4 Nd2
19. Rb2 Nxf3+ 20. Qxf3 Qa6 {Kamsky,G-Anand,V/Las Palmas cf/1995/0,5/45/} 21.
Bxg7 Kxg7 22. Qc3+ Kg8 23. Qc7 Qd6 $1 (23... Rfe8 24. Rxb7 Qd3 25. Qe5 a5 $4
26. Rxe7 Rxe7 27. Qxe7 Rb8 28. h4 Qd4 29. d6 {Vaisser,A-Anand,V/Paris
PCA\Intel-GP/1994/1-0 (44)}) (23... e6 $5 24. Rxb7 exd5 25. exd5 Qd3 26. d6
Rac8 $10) 24. Rxb7 (24. Qxd6 exd6 25. Rxb7 a5 $132) 24... Qxc7 25. Rxc7 a5 {
Kamsky,G-Anand,V (02)/PCA-WchQual Las Palmas/1995/0.5 (45)}) (16... Qa3 $2 17.
Ra4 Qc3 18. Bd2 $18) 17. e5 $1 Bxf3 $6 (17... h5 18. Bf4 Rad8 19. Rd4 $14) 18.
Bxf3 Rac8 (18... Nc4 $2 19. d6 Nxe3 20. fxe3 Rad8 21. Bd5 Qa3 (21... Qa5 22.
dxe7 Rxd5 23. exf8=Q+ Kxf8 24. Qf3 Rd7 25. e6 $18) 22. dxe7 $18) 19. d6 $1 exd6
20. exd6 $1 Nc4 21. Bf4 $1 $16 {Lautier,J-Anand,V/Linares/1994/1-0 (34)
Lautier,J-Anand,V/Linares/1994/1:0/34/}) 16... Bxf3 (16... Bf6 17. e5 (17. h3
Bxf3 18. Bxf3 Rfc8 $13) 17... Bxe5 18. h3 (18. Rb4 Bxf3 19. Bxf3 Rae8 (19...
Bf6 $2 20. Ra4 Qb3 21. Rxa5 Qxd1 22. Rxd1 b6 23. d6 $1 Rac8 (23... exd6 24.
Bxb6 $18) (23... bxa5 24. dxe7 Rfc8 25. Bxa8 Rxa8 26. Rd7 $18) 24. d7 Rcd8 25.
Bxe7 $1 Bxe7 26. Rxa7 {Kramnik,V-Timman,J/Novgorod/1995/1:0/32/} Rb8 27. Re1
Bd8 28. Re8 b5 29. Ra8 Rxa8 30. Bxa8 b4 31. Bd5 Kg7 32. Kf1 {Kramnik,V-Timman,
J/Novgorod (02)/1995/1-0}) (19... Rac8 20. Bxe7 Rfe8 21. d6 $16) 20. Be3 Bc3
21. Ra4 Qb2 22. Qd3 b5 23. Bc1 bxa4 24. Bxb2 Bxb2 {(Kramnik,V-Anand,V/Riga/
1995/)} 25. d6 (25. Qd2 {Belov} Nc4 26. Qc2 Rc8 27. Be2 $18) 25... Bf6 26. Qb5
Nb3 27. d7 Rd8 28. Rd1 Nd4 29. Qxa4 Nxf3+ 30. gxf3 e6 {Kramnik,V-Anand,V/Riga
Tal (06)/1995/0.5 (41)}) 18... Rfd8 $5 (18... Bxf3 19. Bxf3 Rfe8 (19... Rae8 $5
20. d6 $1 (20. Re1 Nc4 21. Rxb7 Bd6 22. Rxa7 Qd2 $10) 20... exd6 21. Bd5 Nc4
22. Qg4 (22. Bb4 $5 $44) 22... dxc5 23. Qxg6+ Bg7 24. Rxb7 Ne5 $1 25. Qxg7+
Kxg7 26. Bxa2 Rb8 $5 27. Rxa7 Ra8 $10) 20. d6 Qc4 21. d7 Qxc5 22. dxe8=Q+ Rxe8
23. Qa4 (23. Qd7 $6 Kf8 $1 24. Rb5 Qc7) 23... Nc6 24. Rxb7 Rc8 25. Bxc6 Rxc6
26. Rxe7 Qxe7 27. Qxc6 {Gelfand,B-Ivanchuk,V/Tilburg/1990/1-0 (62)}) 19. hxg4
Rxd5 20. Bd4 $1 Bxd4 21. Nxd4 Rad8 $1 22. Qc2 $1 Qxc2 23. Nxc2 Rd2 24. Rfd1 (
24. Bd1 Nc4 $44) 24... Nc4 $1 $44 {Strelbin-Nadanian,A/USSR/1991/}) 17. Bxf3
Rfe8 (17... Bf6 18. e5 Bxe5 19. Bxe7 $16) (17... Bf6 {Belov}) 18. Re1 b6 (18...
Be5 19. Re2 Qc4 20. Rc2 Qa4 21. Bxe7 $1 $16) 19. Re2 Qc4 20. Rc2 Qa4 (20... Qa6
21. Be2 Qb7 22. Bb4 Qd7 23. Bxa5 bxa5 24. Bb5 $18) 21. Bxe7 $1 Nc4 (21... Rxe7
22. Rc8+ Rxc8 23. Qxa4 $18) 22. d6 Bf8 (22... Ne5 23. Rc7 Nxf3+ 24. Qxf3 (24.
gxf3 Qxd1+ 25. Rxd1 Be5 26. Rb7 Kg7 27. Bh4 g5) 24... Rec8 25. Qd1 $1 $18) 23.
e5 Rab8 (23... Bxe7 24. Bxa8 Bxd6 25. Rxc4 Qxc4 26. Bd5 $18) (23... Rac8 {Belov
} 24. d7 Bxe7 25. dxe8=Q+ Rxe8 26. Ra1 $18) 24. Ra1 Na3 (24... Qb4 25. Qd4 b5
26. Bxf8 Rxf8 27. Bd5 $18) (24... Qb5 {Belov} 25. Be2 Rbc8 26. d7 $18) (24...
Qb3 {Belov} 25. Bd5 $18) 25. Rd2 (25. Rc7 $6 Qxd1+ 26. Rxd1 Nb5 $14) 25...
Qxd1+ 26. Rdxd1 Nc4 (26... Nc2 27. Rxa7 $18 (27. Rac1 Nb4 28. d7 Rxe7 29. d8=Q
Rxd8 30. Rxd8 Kg7 $16)) (26... Bxe7 27. Rxa3 Bg5 28. Rxa7 $18) 27. Bc6 (27.
Rxa7 {Belov} Bxe7 28. dxe7 (28. Rxe7 Nxe5) 28... Nxe5 29. Be2 b5 $13) 27...
Bxe7 (27... Rec8 28. d7 Bxe7 29. dxc8=Q+ Rxc8 30. Rxa7 $16) 28. Bxe8 Rxe8 29.
dxe7 Rxe7 30. f4 a5 (30... g5 31. g3 gxf4 32. gxf4 a5 33. Rac1 $16) (30... Rc7
{Belov} 31. Rd5 h5) 31. Rd5 Rb7 32. Rb1 Kf8 33. Kf2 Ke7 34. Rd4 $1 Na3 (34...
Rc7 35. Rb5 (35. Ke2 Rc5 36. Kd3 b5) 35... f6 36. exf6+ Kxf6 37. Ke2 $16) 35.
Rb3 Nc2 36. Rd6 Nb4 (36... b5 37. Ra6 Nd4 38. Rb2 a4 39. Rxa4 $18) 37. g4 b5
38. f5 $1 Na2 $6 (38... Rd7 39. fxg6 fxg6 40. Rxg6 $16) 39. f6+ Ke8 40. Rbd3
Rb8 41. Rd7 (41. Ra3 Nb4 42. Rxa5) (41. Rd7 Nb4 (41... b4 {Belov} 42. Re7+ Kf8
43. Rdd7 $18) 42. Re7+ Kf8 43. Rdd7 Kg8 44. e6 $18) 1-0

[Event "Olympiad-31"]
[Site "Moscow"]
[Date "1994.12.10"]
[Round "9.1"]
[White "Illescas Cordoba, Miguel"]
[Black "Ftacnik, Lubomir"]
[Result "1/2-1/2"]
[WhiteElo "2590"]
[BlackElo "2570"]
[Annotator "Ftacnik,L"]
[PlyCount "72"]
[EventDate "1994.12.01"]
[EventType "team-swiss"]
[EventRounds "14"]
[EventCountry "RUS"]
[SourceTitle "CBM 045"]
[Source "ChessBase"]
[SourceDate "1995.04.01"]
[SourceVersion "1"]
[SourceVersionDate "1995.04.01"]
[SourceQuality "1"]
[WhiteTeam "Spain"]
[BlackTeam "Slovakia"]
[WhiteTeamCountry "ESP"]
[BlackTeamCountry "SVK"]

1. d4 Nf6 2. c4 g6 3. Nc3 d5 4. cxd5 Nxd5 5. e4 Nxc3 6. bxc3 Bg7 7. Nf3 c5 8.
Bb5+ Bd7 9. Bxd7+ Qxd7 10. O-O cxd4 11. cxd4 Nc6 12. Be3 O-O 13. d5 Bxa1 (13...
Na5 14. Bd4 Rfc8 15. Bxg7 Kxg7 16. Qd4+ Kg8 17. Rad1 Rc4 18. Qe3 Qa4 19. Rfe1
Rac8 20. e5 b6 21. e6 f6 22. d6 exd6 23. e7 Re8 24. Rxd6 $16 {Gligoric,S-Zakic,
S/JUG-ch (12)/1991/}) (13... Nb4 14. Bd4 Bxd4 15. Nxd4 Rfc8 16. Qb3 Na6 17.
Rab1 Nc5 18. Qe3 Na4 19. Rb3 Rc4 20. Qh6 Nc3 21. Re1 $17 {Hegeler,F-Dvoirys,S/
Gausdal Int/1991/}) 14. Qxa1 Na5 15. Bh6 f6 16. Bxf8 Rxf8 17. Nd4 Rc8 18. Rc1
b6 (18... Nc4 19. Ne6 (19. f3 Qa4 $132) 19... Nd6 20. f3 Ne8 $14) 19. h4 $6 (
19. h3 $1 Nb7 20. Rxc8+ Qxc8 21. Nc6 Qd7 22. Qd4 Nc5 23. f4 $16) 19... Nb7 20.
Rxc8+ (20. Nc6 Kg7 $5 (20... Nd6 21. Qd4 e5) 21. Nxa7 $140 Rxc1+ 22. Qxc1 Nc5
23. Qa3 Nxe4 24. Nc8 Qxd5 $1 $13) 20... Qxc8 21. Nc6 (21. Ne6 Nd8 $1) (21. e5
Qc5 22. Nc6 Kg7 $13) 21... Qd7 22. Qd4 (22. Nxa7 Na5 $10) 22... e5 $1 (22...
Kg7 23. Nxa7 Nc5 24. Nc6 e6 25. f3 $16) 23. Qe3 Qg4 $1 24. Nxa7 (24. g3 Nc5)
24... Nc5 25. f3 (25. Qf3 Qxh4 $13) 25... Qxh4 26. Nc8 Nd7 27. Nd6 (27. Nxb6
Nxb6 28. Qxb6 Qe1+ 29. Kh2 Qh4+ $10) 27... h5 28. Qc3 Nc5 29. Nc4 g5 30. Ne3 (
30. Nxb6 $5 g4 31. d6 (31. Qe3 gxf3 32. gxf3 Nb7 (32... Qg3+ 33. Kf1 Nb7 34.
Qg1 $16) 33. Qf2 Qf4 $132) 31... gxf3 (31... g3 $2 32. Qxc5 Qh2+ 33. Kf1 Qh1+
34. Qg1 $18) 32. gxf3 (32. Qxf3 Qe1+ 33. Kh2 Qh4+ 34. Qh3 Qf4+ 35. Qg3+ $140
Qxg3+ 36. Kxg3 Nxe4+ 37. Kh4 Nxd6 $10) 32... Qg3+ 33. Kf1 Qh3+ 34. Ke2 Qg2+ 35.
Kd1 (35. Ke3 Qg1+ 36. Kd2 Qf2+) 35... Qf1+ 36. Kc2 Qb5 $5 37. Qc4+ Qxc4+ 38.
Nxc4 Kf7 $10) 30... g4 31. Nf5 Qg5 32. Qe3 (32. d6 gxf3 33. Qxf3 Kf7 $13) (32.
Qa3 gxf3 33. Qxf3 Kf8 $13) 32... gxf3 33. Qxg5+ fxg5 34. gxf3 Kf7 35. Kf2 Kf6
36. Nd6 Na4 1/2-1/2

[Event "Olympiad-31"]
[Site "Moscow"]
[Date "1994.12.15"]
[Round "14.1"]
[White "Atalik, Suat"]
[Black "Ftacnik, Lubomir"]
[Result "1/2-1/2"]
[WhiteElo "2535"]
[BlackElo "2570"]
[Annotator "Ftacnik,L"]
[PlyCount "80"]
[EventDate "1994.12.01"]
[EventType "team-swiss"]
[EventRounds "14"]
[EventCountry "RUS"]
[SourceTitle "CBM 045"]
[Source "ChessBase"]
[SourceDate "1995.04.01"]
[SourceVersion "1"]
[SourceVersionDate "1995.04.01"]
[SourceQuality "1"]
[WhiteTeam "Turkey"]
[BlackTeam "Slovakia"]
[WhiteTeamCountry "TUR"]
[BlackTeamCountry "SVK"]

1. d4 {Ernst} Nf6 2. c4 g6 3. Nc3 d5 4. cxd5 Nxd5 5. e4 Nxc3 6. bxc3 Bg7 7.
Bb5+ c6 8. Ba4 a5 $5 9. Ne2 (9. Qf3 O-O 10. Ne2 b5 11. Bb3 b4 12. O-O Ba6 13.
Rd1 a4 14. Bc2 b3 15. Bd3 c5 (15... Bxd3 16. Qxd3 Nd7 17. Ba3 c5 18. axb3 axb3
19. Qc4 Qb8 20. Rdb1 Qb7 21. Qxb3 Qxe4 22. Ng3 Qc6 23. Qc4 Rfc8 24. Bxc5 $10 {
Mikhalevski,V-Huzman,A/Beersheba/1993/}) 16. axb3 axb3 17. Bb2 Qc8 18. dxc5 Nd7
$2 19. Rxa6 Rxa6 20. Bxa6 Qxa6 $16 {Sadler,M-Mikhalevski,V/Biel op/1993/}) (9.
a3 {Ernst} Be6 10. Nf3 b5 11. Bb3 Bxb3 12. Qxb3 a4 13. Qc2 {1/2/Gleizerov,
E-Ernst,T/Stockholm/1995} (13. Qc2 c5 $13)) 9... b5 10. Bc2 (10. Bb3 a4 11. Bc2
O-O 12. Ba3 Na6 13. O-O c5 $1 14. Rb1 Rb8 15. dxc5 Qc7 16. Qd3 Rd8 17. Qe3 Be6
18. Bd3 Qd7 $1 19. Nc1 $8 Qc6 $1 20. Be2 Rdc8 21. Rd1 Bf8 $1 22. Rd4 Nxc5 23.
Rdb4 Nxe4 $1 24. c4 $5 $15 {Kortschnoj,V-Gulko,B/Beer Sheva/1993/1/2-1/2/36})
10... O-O 11. O-O Ba6 (11... c5 12. a3 Ba6 13. Rb1 Nc6 14. Be3 cxd4 15. cxd4 b4
16. Bd3 bxa3 17. Bxa6 Rxa6 18. Qd3 Ra7 19. Qxa3 Nxd4 20. Nxd4 Bxd4 21. Rfd1 e5
22. Bxd4 exd4 23. Qc5 Rd7 24. Ra1 {Paronjan,A-Notkin,M/Moscow-ch/1994/1/2-1/2/
27}) 12. Be3 c5 (12... Nd7 13. f4 $13) 13. dxc5 b4 14. Qxd8 Rxd8 15. Rfd1 $1
Rc8 (15... Rxd1+ 16. Rxd1 Nc6 (16... Bxe2 17. Rd8+ Bf8 18. Bh6 $19) 17. Nd4 Bb7
18. Nxc6 Bxc6 19. cxb4 axb4 20. Bb1 $16) (15... Nc6 16. Nd4 Bb7 $13) (15... Nd7
16. Nd4 Nxc5 17. Nc6 Rxd1+ 18. Rxd1 $16) 16. Bd3 (16. Nd4 bxc3 17. Ba4 $36 c2
$140 18. Bxc2 Rxc5 19. Nf5 $16) 16... Bxd3 17. Rxd3 Na6 18. Rad1 (18. Rc1 Nxc5
(18... bxc3 $6 19. Nxc3 Nxc5 20. Nd5 $1 Nxd3 21. Nxe7+ Kf8 22. Rxc8+ Rxc8 23.
Nxc8 $16) 19. Bxc5 Rxc5 20. cxb4 Rxc1+ 21. Nxc1 axb4 22. Rb3 Bh6 $1 $17) 18...
Nxc5 (18... bxc3 $6 19. Nxc3 Nb4 20. Nd5 $1 $16) 19. Bxc5 Rxc5 20. Rd8+ Rxd8
21. Rxd8+ Bf8 22. Rd3 (22. cxb4 Rc2 23. Ng3 axb4 24. Ra8 e5 $17) 22... e6 23.
Kf1 Rc4 24. Rd4 Rc7 (24... Rxd4 25. cxd4 Be7 (25... Bh6 26. Ke1 a4 27. Kd1 b3
28. axb3 axb3 29. f4 $10) 26. Ke1 Kf8 27. Kd2 $10) 25. Rd3 (25. cxb4 Bxb4 $17 {
xa2}) 25... Kg7 26. f4 (26. Ke1 bxc3 27. Nxc3 Bb4 28. Kd2 Kf6 29. Kc2 Ke5 30.
f3 g5 $15) 26... Rc4 (26... Kf6 $5 27. e5+ Kf5 28. Kf2 g5 29. cxb4 Bxb4 30. g4+
Kxg4 31. Rg3+ Kf5 32. Rxg5+ Ke4 33. Rh5 Rc2 34. Rxh7 Bc5+ 35. Kf1 Kd3 36. Rh3+
Be3 $40) 27. Rd4 Rc7 (27... Rxd4 28. cxd4 a4 29. Ke1 b3 30. axb3 axb3 31. Kd2
Bb4+ 32. Kc1 Ba3+ 33. Kd2 $10) 28. Rd3 Rb7 $5 29. e5 (29. cxb4 Rxb4 30. Nc3 Rc4
$17) (29. Kf2 bxc3 30. Rxc3 Rb2 31. a4 Rb4 $17) (29. Ke1 bxc3 30. Nxc3 Rb2 31.
Rd2 Rb4 $17) 29... bxc3 (29... b3 30. axb3 Rxb3 31. Rd7 (31. Rd8 Bc5 32. g4 a4
33. Ra8 a3 34. Kg2 Rb2 35. Kf3 $13) 31... Rb1+ 32. Kf2 Bc5+ 33. Nd4 a4 34. Kf3
$132) 30. Nxc3 Rb4 (30... Rb2 31. Rd7 Bb4 32. Ne4 Rxa2 33. Nd6 Bxd6 34. exd6
Kf6 35. Ra7 h6 36. Ra8 Rd2 37. Rxa5 Rxd6 $15) 31. g3 Rb2 32. h4 $1 Bb4 33. Ne4
Rxa2 34. Rd8 $1 a4 35. g4 $1 (35. Nf6 Be7 36. Rg8+ Kh6 37. g4 Bxf6 38. exf6 Rb2
39. Ra8 Rb4 40. Kf2 Rxf4+ 41. Kg3 Rd4 42. Ra7 g5 43. h5 e5 44. Rxf7 Rd3+ 45.
Kg2 a3 $15) 35... Be7 (35... a3 36. Nf6 Bf8 $8 37. Ne8+ (37. h5 Rh2 38. h6+
Rxh6 39. Ne8+ Kh8 40. Nf6 $10) 37... Kh8 38. Nf6 Kg7 $10) 36. Re8 Bxh4 37. g5
h6 $8 38. Nf6 hxg5 39. Rg8+ Kh6 40. Rh8+ (40. Ng4+ Kh5 41. Nf6+ $10) 40... Kg7
(40... Kg7 41. Rh7+ Kf8 42. Rh8+ Kg7 $10) 1/2-1/2

[Event "Bled/Rogaska Slatina"]
[Site "Bled"]
[Date "1991.??.??"]
[Round "3"]
[White "Hansen, Lars Bo"]
[Black "Djuric, Stefan"]
[Result "1-0"]
[WhiteElo "2525"]
[BlackElo "2540"]
[Annotator "Ftacnik,L"]
[PlyCount "45"]
[EventDate "1991.06.??"]
[EventType "tourn"]
[EventRounds "13"]
[EventCountry "SLO"]
[EventCategory "12"]
[SourceTitle "CBM 024"]
[Source "ChessBase"]
[SourceDate "1991.10.01"]
[SourceVersion "1"]
[SourceVersionDate "1991.10.01"]
[SourceQuality "1"]

1. c4 g6 2. d4 Nf6 3. Nc3 d5 4. cxd5 Nxd5 5. e4 Nxc3 6. bxc3 c5 7. Be3 cxd4 {N}
(7... Bg7 8. Qd2) 8. cxd4 e5 9. Bb5+ (9. dxe5 Qa5+ 10. Bd2 Qxe5 11. Bd3 Bg7 12.
Rc1 O-O $10) 9... Nc6 (9... Bd7 10. Bxd7+ Nxd7 11. d5 $14) 10. Qa4 Bd7 (10...
exd4 $2 11. Bxd4 Rg8 12. Nf3 $16) 11. d5 Nb4 (11... Qa5+ $5 12. Qxa5 Nxa5 13.
Rb1 Bxb5 14. Rxb5 b6 $13) 12. Nf3 f6 (12... Bd6 13. Rb1 $16) 13. Rb1 a6 (13...
a5 14. O-O $16) 14. Bxd7+ Qxd7 15. Qxd7+ (15. Rxb4 b5 16. Qb3 Bxb4+ 17. Qxb4
Kf7 $16) 15... Kxd7 16. Kd2 Nxa2 (16... b5 17. a3 Na2 18. Rb2 $18) 17. Rxb7+
Kc8 18. Rb6 a5 (18... Nb4 19. Rc1+ Kd7 20. Rxf6 $18) 19. Ra1 Nb4 20. Rxf6 Be7
21. Rb6 Ra6 22. Rc1+ (22. Rxa6 Nxa6 23. Nxe5 $18) 22... Kd7 23. Nxe5+ {Ftacnik,
L} 1-0

[Event "Dortmund-B"]
[Site "Dortmund"]
[Date "1991.??.??"]
[Round "3"]
[White "Vokac, Marek"]
[Black "Mikhalchishin, Adrian"]
[Result "1-0"]
[WhiteElo "2455"]
[BlackElo "2530"]
[Annotator "Ftacnik,L"]
[PlyCount "85"]
[EventDate "1991.03.23"]
[EventType "tourn"]
[EventRounds "9"]
[EventCountry "GER"]
[EventCategory "10"]
[SourceTitle "CBM 023"]
[Source "ChessBase"]
[SourceDate "1991.08.01"]
[SourceVersion "1"]
[SourceVersionDate "1991.08.01"]
[SourceQuality "1"]

1. d4 Nf6 2. c4 g6 3. Nc3 d5 4. cxd5 Nxd5 5. e4 Nxc3 6. bxc3 Bg7 7. Be3 c5 8.
Qd2 O-O 9. Nf3 Bg4 10. Ng5 cxd4 11. cxd4 Nc6 12. h3 Bd7 13. Nf3 Rc8 14. Rb1 Na5
15. Bd3 Be6 16. O-O Bc4 17. Bg5 {N} (17. Rfd1 b5 18. Bg5 a6 19. Rbc1 Bxd3 20.
Rxc8 Qxc8 21. Qxd3 Re8 22. Rc1 $14 {Karpov,A-Kasparov,G/New York-Lyon/1990/
->CBM 21}) 17... b6 (17... Bxd4 18. Bxc4 Rxc4 19. Rfd1 Bb6 20. Qb2 Qc7 21. Bh6
$16) 18. Rfe1 Qd7 (18... Bxd4 19. Bxc4 Rxc4 20. Red1 Nc6 21. Qe2 $1) 19. Rbd1
Bxd3 20. Qxd3 h6 21. Bc1 Rfd8 22. e5 (22. d5 Qa4) 22... Qd5 23. e6 f5 (23...
Qxa2 24. d5 $1 $40) 24. Nh4 Kh7 25. Qg3 g5 26. Bxg5 $1 Rg8 (26... hxg5 27. Qxg5
Rc6 28. Qh5+ Kg8 29. Qf7+ Kh8 30. Ng6+ Kh7 31. Nxe7 $18) 27. Bf4 Bf6 (27...
Bxd4 28. Qd3 Rcd8 29. Qxf5+ Qxf5 30. Nxf5 $16) 28. Qf3 Qxf3 29. Nxf3 Rc2 30.
Be5 Kg6 31. Bxf6 Kxf6 32. d5 Nc4 (32... Rxa2 33. d6 exd6 34. e7 Re8 35. Rxd6+
Kg7 36. Nd4 $18) 33. Rd4 b5 34. Rh4 Rg6 35. Nd4 Rxa2 36. Nxb5 Ne5 37. Re3 Ra5
38. Nc7 Ra1+ 39. Kh2 Ra2 40. Ne8+ Kg5 41. Rd4 $1 Rxf2 (41... Rg8 42. Rg3+ Ng4+
43. Rgxg4+ fxg4 44. Rxg4+ $18) 42. Rxe5 Rg8 43. Rg4+ {Ftacnik,L} 1-0